LEADER 01027nam a2200253 i 4500 001 991000983409707536 005 20020502181959.0 008 000127s1996 it ||| | ita 020 $c13000 035 $ab11446791-39ule_inst 035 $aPRUMB52736$9ExL 040 $aDip. SSSC$bita 100 1 $aMorcellini, Mario$0471844 245 13$aLa cittą della comunicazione :$bil corso e il test di ammissione per Scienze della comunicazione dell'Universitą La sapienza di Roma /$cuna guida a cura di Mario Morcellini e Alberto Abruzzese ; coordinamento editoriale di Michele Sorice 260 $aRoma :$bSEAM,$cc1996 300 $a143 p. ;$c21 cm. 700 1 $aAbruzzese, Alberto 700 1 $aSorice, Michele 907 $a.b11446791$b02-04-14$c01-07-02 912 $a991000983409707536 945 $aLE021 DI9B51$g1$i2021000038372$lle021$o-$pE0.00$q-$rl$s- $t0$u0$v0$w0$x0$y.i11632458$z01-07-02 996 $aCittą della comunicazione$9819578 997 $aUNISALENTO 998 $ale021$b01-01-00$cm$da $e-$fita$git $h3$i1 LEADER 03216nam 2200661 450 001 9910794301303321 005 20220609065746.0 010 $a1-5261-2164-6 010 $a1-5261-5829-9 010 $a1-5261-2163-8 035 $a(CKB)4100000011319994 035 $a(OCoLC)1176455024 035 $a(MdBmJHUP)muse82639 035 $a(MiAaPQ)EBC6234104 035 $a(StDuBDS)EDZ0002526815 035 $a(DE-B1597)658789 035 $a(DE-B1597)9781526121639 035 $a(EXLCZ)994100000011319994 100 $a20200228e20212020 fy| 0 101 0 $aeng 135 $aur|||||||nn|n 181 $ctxt$2rdacontent 182 $cc$2rdamedia 183 $acr$2rdacarrier 200 00$aGerman expressionism $eDer Blaue Reiter and its legacies /$fedited by Dorothy Price 210 1$aManchester :$cManchester University Press,$d2021. 215 $a1 online resource $cillustrations (some color) 225 1 $aManchester scholarship online 300 $aPreviously issued in print: 2020. 311 $a1-5261-2162-X 320 $aIncludes bibliographical references and index. 327 $aIntroduction : why does Der Blaue Reiter still matter? / Dorothy Price and Christopher Short -- Is Der Blaue Reiter relevant for the twenty-first century? A discussion of anarchism, art and politics / Rose-Carol Washton Long -- The dynamics of gendered artistic identity and creativity in Der Blaue Reiter / Shulamith Behr -- The 'primitive' and the modern in Der Blaue Reiter almanac and the Folkwang Museum / Katherine Kuenzli -- The 'savages' of Germany : a reassessment of the relationship between Der Blaue Reiter and Die Bru?cke / Christian Weikop -- Kleinkunst and Gesamtkunstwerk in Munich and Zurich : Der Blaue Reiter and Dada / Deborah Lewer -- Type/Face : Wassily Kandinsky and Walter Benjamin on language and perception / Annie Bourneuf -- Feeling blue : Der Blaue Reiter, Francophilia and the Tate Gallery, 1960 / Nathan J. Timpano -- Die Tunisreise : the legacy of Der Blaue Reiter in the art of Paul Klee and Nacer Khemir / Sarah McGavran. 330 8 $aThis volume presents research on the histories and legacies of the German Expressionist group Blaue Reiter, the founding force behind modernist abstraction. It offers a perspective on familiar aspects of expressionism and abstraction, taking seriously the inheritance of modernism for the twenty-first century. 410 0$aManchester scholarship online. 606 $aBlaue Reiter (Group of artists) 606 $aExpressionism (Art)$zGermany 606 $aArt, German$y20th century 610 $aAugust Macke. 610 $aExpressionism. 610 $aFranz Marc. 610 $aGabriele Münter. 610 $aGermany. 610 $aPaul Klee. 610 $aWassily Kandinsky. 610 $aabstraction. 610 $aart. 610 $amodern art. 615 0$aBlaue Reiter (Group of artists) 615 0$aExpressionism (Art) 615 0$aArt, German 676 $a759.3 702 $aPrice$b Dorothy C$g(Dorothy Cilla),$f1969- 801 0$bStDuBDS 801 1$bStDuBDS 906 $aBOOK 912 $a9910794301303321 996 $aGerman expressionism$93784566 997 $aUNINA